LEADER 01188nam0-22003491i-450- 001 990007854400403321 005 20040203135321.0 010 $a88-14-05168-2 020 $aIT$b96-401 035 $a000785440 035 $aFED01000785440 035 $a(Aleph)000785440FED01 035 $a000785440 100 $a20040203d1995----km-y0itay50------ba 101 0 $aita$ager 102 $aIT 105 $ay-------001yy 200 1 $aFormulario commentato di contrattualistica commerciale Germania-Italia$eformulario bilingue contenente i contratti d'impresa piu usati in Germania con annotazioni e commenti$fRodolfo Dolce, Gianni Corradini, Brigitte Romani 210 $aMilano$cGiuffre$d[1995] 215 $aXVII, 653 p.$d25 cm 225 1 $aCollana di contrattualistica commerciale 676 $a346.4307$v20$zita 700 1$aDolce,$bRodolfo$0281390 701 1$aCorradini,$bGianni$0253233 701 1$aRomani,$bBrigitte$0281391 801 0$aIT$bUNINA$gRICA$2UNIMARC 901 $aBK 912 $a990007854400403321 952 $aN2 58$bs.i.$fDSI 959 $aDSI 996 $aFormulario commentato di contrattualistica commerciale Germania-Italia$9671013 997 $aUNINA LEADER 02402nam 2200637Ia 450 001 9910789758703321 005 20231113135641.0 010 $a1-283-26441-2 010 $a9786613264411 010 $a1-907822-10-0 035 $a(CKB)2670000000108125 035 $a(EBL)746830 035 $a(OCoLC)781459165 035 $a(SSID)ssj0000530871 035 $a(PQKBManifestationID)11930093 035 $a(PQKBTitleCode)TC0000530871 035 $a(PQKBWorkID)10571779 035 $a(PQKB)10424530 035 $a(MiAaPQ)EBC3038292 035 $a(MiAaPQ)EBC746830 035 $a(Au-PeEL)EBL3038292 035 $a(CaPaEBR)ebr10491560 035 $a(OCoLC)923701395 035 $a(Au-PeEL)EBL746830 035 $a(EXLCZ)992670000000108125 100 $a20081101d2009 uy 0 101 0 $aeng 135 $aur|n|---||||| 181 $ctxt 182 $cc 183 $acr 200 10$aMiha?ly Ka?rolyi & Istva?n Bethlen$b[electronic resource] $eHungary /$fBryan Cartledge 210 $aLondon $cHaus Pub.$d2009 215 $a1 online resource (189 p.) 225 1 $aHaus histories 225 1 $aMakers of the modern world : the peace conferences of 1919-23 and their aftermath 300 $aDescription based upon print version of record. 311 $a1-905791-73-9 320 $aIncludes bibliographical references and index. 327 $aPrologue; Part 1; Hungary's Thousand Years; Miha?ly Ka?rolyi and Istva?n Bethlen; Collapse and Revolution; Prelude to Paris; Part 2; Ka?rolyi Abdicates; Dismemberment; Counter-revolution; Paris; Part 3; Bethlen - Consolidationand Recovery; Ka?rolyi and Bethlen: Endgame; Epilogue; Notes; Chronology; Further Reading; Picture Sources; Index; Info 330 $aA unique and accessible history of Hungary from the Peace conferences to WWII. 410 0$aMakers of the modern world (Haus Publishing, Ltd.) 410 0$aHaus histories. 606 $aWorld War, 1914-1918$xTerritorial questions 607 $aHungary$xPolitics and government$y1918-1945 615 0$aWorld War, 1914-1918$xTerritorial questions. 676 $a923.24391 676 $a943.90510922 700 $aCartledge$b Bryan$0251750 801 0$bMiAaPQ 801 1$bMiAaPQ 801 2$bMiAaPQ 906 $aBOOK 912 $a9910789758703321 996 $aMiha?ly Ka?rolyi & Istva?n Bethlen$93719437 997 $aUNINA